[Event "VI Festival"]
[Site "Positano ITA"]
[Date "2009.12.05"]
[Round "2"]
[White "Martorelli, Antonio"]
[Black "Messina, Roberta"]
[Result "1-0"]
[WhiteElo "2224"]
[BlackElo "1909"]
[PlyCount "49"]
[EventDate "2009.12.05"]

1. e4 c5 2. Nf3 d6 3. d4 cxd4 4. Nxd4 Nf6 5. Nc3 a6 6. Bc4 e6 7. Bb3 Be7 8. f4
O-O 9. Qf3 Qc7 10. g4 Nc6 11. Nxc6 Qxc6 12. g5 Nd7 13. Be3 Re8 14. O-O-O Bf8
15. h4 g6 16. h5 Bg7 17. hxg6 fxg6 18. Qh3 Nf8 19. Nd5 exd5 20. f5 Qc7 21.
Bxd5+ Kh8 22. Qxh7+ Nxh7 23. Rxh7+ Kxh7 24. Rh1+ Bh6 25. Rxh6+ 1-0

[Event "VI Festival"]
[Site "Positano ITA"]
[Date "2009.12.05"]
[Round "2"]
[White "Messina, Salvatore"]
[Black "Esposito, Antonio"]
[Result "1-0"]
[WhiteElo "1631"]
[BlackElo "1401"]
[PlyCount "40"]
[EventDate "2009.12.05"]

1. d4 d5 2. c4 Nf6 3. Nc3 dxc4 4. e4 Bg4 5. f3 Bh5 6. Bxc4 e6 7. Bg5 Bb4 8. e5
Bxc3+ 9. bxc3 O-O 10. exf6 h6 11. fxg7 Qxg5 12. Bd3 Kxg7 13. Qd2 Qxd2+ 14. Kxd2
Nc6 15. Ne2 Rfd8 16. Nf4 Bg6 17. Nxg6 fxg6 18. Be4 Nxd4 19. cxd4 Rxd4+ 20. Ke3
e5 1-0

[Event "VI Festival"]
[Site "Positano ITA"]
[Date "2009.12.05"]
[Round "2"]
[White "Stinga, Danilo"]
[Black "Scola, Enrico"]
[Result "0-1"]
[WhiteElo "1482"]
[BlackElo "1677"]
[PlyCount "68"]
[EventDate "2009.12.05"]

1. e4 c5 2. Nf3 d6 3. Nc3 Nf6 4. Be2 a6 5. O-O Nc6 6. d3 e6 7. Bg5 Be7 8. Qd2
b5 9. a3 Bb7 10. Rad1 Nd4 11. h3 Rc8 12. b4 e5 13. Rb1 cxb4 14. Rxb4 Rxc3 15.
Nxd4 exd4 16. Rxd4 Rxa3 17. e5 Nd5 18. Bxe7 Qxe7 19. exd6 Qxd6 20. Bf3 O-O 21.
c4 Ra4 22. Bxd5 Qc5 23. Qf4 Bxd5 24. Rxd5 Qc6 25. Rc1 Qxd5 26. cxd5 Rxf4 27.
Rc5 Rd4 28. Kf1 Rxd3 29. Ke2 Rd4 30. Ke3 Rc4 31. Rxc4 bxc4 32. Kd4 Rc8 33. Kc3
Kf8 34. d6 Ke8 0-1

[Event "VI Festival"]
[Site "Positano ITA"]
[Date "2009.12.05"]
[Round "2"]
[White "Testa, Adriano"]
[Black "Sanchez, Joseph"]
[Result "1/2-1/2"]
[WhiteElo "2175"]
[BlackElo "2487"]
[PlyCount "94"]
[EventDate "2009.12.05"]

1. e4 d5 2. exd5 Nf6 3. d4 Bg4 4. Nf3 Qxd5 5. Nc3 Qh5 6. Bf4 c6 7. Be2 Nbd7 8.
Ne5 Bxe2 9. Qxe2 Qf5 10. Nxd7 Qxf4 11. Nxf6+ gxf6 12. Qe4 Qxe4+ 13. Nxe4 f5 14.
Nd2 Rg8 15. g3 e6 16. Nf3 Be7 17. O-O-O Rd8 18. c4 Rg4 19. b3 Bf6 20. d5 cxd5
21. cxd5 exd5 22. Rd3 Ke7 23. Rhd1 Ke6 24. Ng1 Re4 25. h3 Bg5+ 26. Kc2 Re3 27.
f4 Rc8+ 28. Kd2 Rxd3+ 29. Kxd3 Bf6 30. Re1+ Kd6 31. Ne2 h5 32. Nd4 Bxd4 33.
Kxd4 Rc2 34. Re5 Rd2+ 35. Ke3 Rxa2 36. Rxf5 Rb2 37. Kd4 Rxb3 38. Rxd5+ Ke6 39.
Rxh5 b5 40. Rh6+ Ke7 41. g4 Rb4+ 42. Ke3 Rb3+ 43. Ke4 Rb4+ 44. Ke3 Rb3+ 45. Ke4
Rb4+ 46. Ke3 Rb3+ 47. Ke4 Rb4+ 1/2-1/2

[Event "VI Festival"]
[Site "Positano ITA"]
[Date "2009.12.05"]
[Round "2"]
[White "Trifoglio, Giovanni"]
[Black "Seletsky, Grigory"]
[Result "0-1"]
[WhiteElo "1917"]
[BlackElo "2345"]
[PlyCount "94"]
[EventDate "2009.12.05"]

1. e4 c5 2. c3 Nf6 3. e5 Nd5 4. d4 cxd4 5. Nf3 Nc6 6. Bc4 Nb6 7. Bb3 d5 8. exd6
Qxd6 9. O-O Be6 10. Bxe6 Qxe6 11. Nxd4 Nxd4 12. Qxd4 Rd8 13. Qh4 Qc6 14. Nd2 e6
15. Nf3 Be7 16. Qg3 Bf6 17. Bg5 Bxg5 18. Qxg5 O-O 19. Rfd1 f6 20. Qe3 e5 21.
Qe2 Na4 22. h3 b5 23. Rd2 a6 24. Rad1 Rxd2 25. Qxd2 Rc8 26. Rc1 Nc5 27. Rd1 Na4
28. Rc1 Kf7 29. Kh2 Rc7 30. Rd1 Nb6 31. Qc2 g6 32. Qb3+ Qe6 33. Ng1 Rd7 34.
Rxd7+ Nxd7 35. Qxe6+ Kxe6 36. Ne2 Kd5 37. Kg3 Ke4 38. Nc1 Nc5 39. b3 Nd3 40.
Ne2 Nb2 41. Nc1 Nd1 42. f3+ Ke3 43. c4 bxc4 44. b4 Nb2 45. a3 c3 46. Nb3 c2 47.
Nc1 Nd3 0-1

[Event "VI Festival"]
[Site "Positano ITA"]
[Date "2009.12.06"]
[Round "3"]
[White "Cervero, Gianluca"]
[Black "Carnicelli, Flavio"]
[Result "0-1"]
[WhiteElo "1524"]
[BlackElo "1811"]
[PlyCount "95"]
[EventDate "2009.12.05"]

1. e4 e5 2. Nc3 Bc5 3. Bc4 Nf6 4. Nge2 d6 5. O-O a6 6. a4 Nc6 7. h3 Be6 8. Bxe6
fxe6 9. d3 O-O 10. Ng3 Qe8 11. Be3 Nd7 12. Bxc5 Nxc5 13. Nce2 Qg6 14. Qd2 Rf6
15. f4 exf4 16. Rxf4 Rxf4 17. Qxf4 Rf8 18. Qh4 Qf6 19. Qh5 Qxb2 20. Rf1 Rxf1+
21. Kxf1 Qf6+ 22. Kg1 g6 23. Qg4 Ne5 24. Qf4 Ned7 25. Qg4 Kf7 26. h4 h5 27.
Nxh5 gxh5 28. Qxh5+ Ke7 29. Qh7+ Qf7 30. Qxf7+ Kxf7 31. a5 b6 32. axb6 cxb6 33.
g4 a5 34. Nc3 a4 35. Nb5 Nb7 36. Kf2 e5 37. Kg3 Ndc5 38. g5 Ne6 39. Kg4 Nd4 40.
Na3 b5 41. c3 b4 42. cxb4 Nd8 43. h5 N8c6 44. Nc4 Nxb4 45. g6+ Kf6 46. Nb6 a3
47. Nd5+ Nxd5 48. exd5 0-1

[Event "VI Festival"]
[Site "Positano ITA"]
[Date "2009.12.06"]
[Round "3"]
[White "Cinque, Antonio"]
[Black "Carnicelli, Valerio"]
[Result "1-0"]
[WhiteElo "1911"]
[BlackElo "1756"]
[PlyCount "69"]
[EventDate "2009.12.05"]

1. Nf3 d5 2. d4 Nf6 3. e3 Bf5 4. c4 c6 5. Nc3 e6 6. Bd3 Bxd3 7. Qxd3 Bd6 8. e4
dxe4 9. Nxe4 Bb4+ 10. Bd2 Bxd2+ 11. Nfxd2 Nxe4 12. Qxe4 Nd7 13. O-O Nf6 14. Qe3
O-O 15. Nf3 Qd6 16. Rad1 Rad8 17. Rfe1 Rfe8 18. Rd2 Qb4 19. Ne5 Nd7 20. a3 Qe7
21. Red1 Nxe5 22. dxe5 b6 23. Rd6 Rxd6 24. Rxd6 Rd8 25. Qd4 Rxd6 26. exd6 Qd7
27. b4 f6 28. f4 Kf7 29. c5 h6 30. h4 Kg8 31. Qe4 Kf7 32. h5 Qb7 33. b5 bxc5
34. bxc6 Qa6 35. f5 1-0

[Event "VI Festival"]
[Site "Positano ITA"]
[Date "2009.12.06"]
[Round "3"]
[White "Esposito, Antonio"]
[Black "Stinga, Danilo"]
[Result "0-1"]
[WhiteElo "1401"]
[BlackElo "1482"]
[PlyCount "48"]
[EventDate "2009.12.05"]

1. e4 e5 2. Nc3 Bb4 3. Qf3 Nf6 4. a3 Bxc3 5. bxc3 d6 6. Bb5+ Nbd7 7. Bxd7+ Bxd7
8. h3 O-O 9. Ne2 Bc6 10. d3 h6 11. O-O d5 12. Qf5 dxe4 13. dxe4 Bxe4 14. Qxe5
Re8 15. Qd4 Bxg2 16. Kxg2 Rxe2 17. Qd3 Qxd3 18. cxd3 Rc2 19. Bf4 Rxc3 20. Rad1
Rd8 21. Bxc7 Rxc7 22. Rc1 Rxc1 23. Rxc1 Rxd3 24. Ra1 Nd5 0-1

[Event "VI Festival"]
[Site "Positano ITA"]
[Date "2009.12.06"]
[Round "3"]
[White "Gambardella, Gesualdo"]
[Black "Ercolano, Giuseppe"]
[Result "0-1"]
[WhiteElo "1494"]
[BlackElo "1604"]
[PlyCount "90"]
[EventDate "2009.12.05"]

1. e4 e5 2. Nf3 Nc6 3. d4 exd4 4. Bc4 Bb4+ 5. c3 Bc5 6. cxd4 Bb4+ 7. Nc3 Nf6 8.
O-O d6 9. Bg5 h6 10. Bh4 Bg4 11. Re1 O-O 12. a3 Bxc3 13. bxc3 Rc8 14. Qd3 Re8
15. Bb3 Na5 16. Bc2 Bh5 17. Rab1 Bg6 18. Qe2 Qd7 19. Bxf6 gxf6 20. Nh4 Nc6 21.
Nxg6 fxg6 22. Ba4 Qe7 23. d5 Ne5 24. Bxe8 Qxe8 25. f4 Nd7 26. Qb5 Qe7 27. Qe2
b6 28. Qg4 Kh7 29. Qe6 Re8 30. f5 g5 31. Qxe7+ Rxe7 32. Kf2 Ne5 33. Rbd1 a5 34.
h3 h5 35. g3 Kh6 36. Rd4 Nd7 37. g4 h4 38. Ke2 Kg7 39. Kd2 Kf8 40. Kc2 Ke8 41.
a4 Kd8 42. Kb3 Re5 43. Kc4 Kc8 44. Kb5 Kb7 45. c4 c6# 0-1

[Event "VI Festival"]
[Site "Positano ITA"]
[Date "2009.12.06"]
[Round "3"]
[White "Martorelli, Antonio"]
[Black "Collutiis, Duilio"]
[Result "1/2-1/2"]
[WhiteElo "2224"]
[BlackElo "2426"]
[PlyCount "45"]
[EventDate "2009.12.05"]

1. e4 e5 2. Nf3 Nc6 3. d4 exd4 4. Nxd4 Bb4+ 5. c3 Bc5 6. Be3 Bb6 7. Bc4 Nge7 8.
Qh5 O-O 9. Nd2 Nxd4 10. cxd4 d5 11. exd5 Nf5 12. O-O-O g6 13. Qg5 Qxg5 14. Bxg5
Bxd4 15. Ne4 Be5 16. Rhe1 Nd6 17. Nxd6 Bxd6 18. Bh6 Re8 19. Bg5 Rf8 20. Bh6 Re8
21. Bg5 Rf8 22. Bh6 Re8 23. Bg5 1/2-1/2

[Event "VI Festival"]
[Site "Positano ITA"]
[Date "2009.12.06"]
[Round "3"]
[White "Messina, Roberta"]
[Black "Messina, Salvatore"]
[Result "0-1"]
[WhiteElo "1909"]
[BlackElo "1631"]
[PlyCount "86"]
[EventDate "2009.12.05"]

1. e4 c5 2. Nf3 d6 3. d4 cxd4 4. Nxd4 Nf6 5. Nc3 a6 6. a3 b5 7. g4 Bb7 8. Bg2
e6 9. g5 Nfd7 10. O-O Be7 11. h4 Nc6 12. Nce2 Qc7 13. Be3 Nc5 14. Ng3 Ne5 15.
f4 Nc4 16. Bc1 Rc8 17. b3 Nb6 18. Bb2 O-O 19. h5 Rfe8 20. g6 Bf6 21. gxh7+ Kxh7
22. h6 gxh6 23. Nxb5 axb5 24. Bxf6 Rg8 25. Kh2 Rg6 26. Bh4 Rcg8 27. Bf3 Nbd7
28. b4 Na6 29. Qd3 Bc6 30. f5 exf5 31. exf5 R6g7 32. f6+ Rg6 33. Bh5 Ne5 34.
Qf5 Bd7 35. Bxg6+ Rxg6 36. Qe4 Ng4+ 37. Kg1 Qb6+ 38. Kg2 Bc6 39. Kh3 Bxe4 40.
Nxe4 Qe3+ 41. Ng3 Nf2+ 42. Kg2 Ne4 43. Rf3 Qe2+ 0-1

[Event "VI Festival"]
[Site "Positano ITA"]
[Date "2009.12.06"]
[Round "3"]
[White "Sabia, Corrado"]
[Black "Testa, Adriano"]
[Result "1/2-1/2"]
[WhiteElo "2183"]
[BlackElo "2175"]
[PlyCount "69"]
[EventDate "2009.12.05"]

1. Nf3 d5 2. g3 Nf6 3. Bg2 Bf5 4. O-O e6 5. d3 Be7 6. Nbd2 h6 7. c4 c6 8. b3
O-O 9. Bb2 Bh7 10. Rc1 b5 11. Rc2 bxc4 12. bxc4 Nbd7 13. Qa1 Qa5 14. Nd4 Rac8
15. cxd5 cxd5 16. Rfc1 Rxc2 17. Rxc2 Nb8 18. N2b3 Qb6 19. Qc1 Nfd7 20. Nc6 Bf6
21. Ba3 Re8 22. Bd6 Bg5 23. Bf4 Bxf4 24. gxf4 Nf6 25. Ne5 Bf5 26. Bf3 Nbd7 27.
Rc6 Qb8 28. Nxd7 Nxd7 29. Nd4 Bh3 30. Rc7 Nb6 31. Bg2 Rc8 32. Rc6 Rxc6 33. Nxc6
Qb7 34. e3 Kh7 35. d4 1/2-1/2

[Event "VI Festival"]
[Site "Positano ITA"]
[Date "2009.12.06"]
[Round "3"]
[White "Sanchez, Joseph"]
[Black "Trifoglio, Giovanni"]
[Result "1-0"]
[WhiteElo "2487"]
[BlackElo "1917"]
[PlyCount "57"]
[EventDate "2009.12.05"]

1. e4 c5 2. Nf3 e6 3. d4 cxd4 4. Nxd4 Nc6 5. Nb5 d6 6. Bf4 e5 7. Be3 Nf6 8. Bg5
Be6 9. N1c3 a6 10. Na3 Be7 11. Nc4 b5 12. Bxf6 gxf6 13. Ne3 Qa5 14. Bd3 h5 15.
O-O h4 16. Ncd5 Qd8 17. c3 Rb8 18. a4 b4 19. Bxa6 h3 20. g3 bxc3 21. Bb5 Bd7
22. bxc3 Qc8 23. Nxe7 Nxe7 24. Qxd6 Bxb5 25. axb5 Rxb5 26. Qxf6 Rg8 27. Ra7 Rb7
28. Rxb7 Qxb7 29. Qxe5 1-0

[Event "VI Festival"]
[Site "Positano ITA"]
[Date "2009.12.06"]
[Round "3"]
[White "Scola, Enrico"]
[Black "Fucito, Giovanni"]
[Result "0-1"]
[WhiteElo "1677"]
[BlackElo "1826"]
[PlyCount "84"]
[EventDate "2009.12.05"]

1. e4 c5 2. c3 d5 3. exd5 Qxd5 4. d4 e6 5. Nf3 Nf6 6. Bd3 Be7 7. Na3 cxd4 8.
Nb5 Na6 9. Nbxd4 O-O 10. O-O Nc5 11. Bc2 Rd8 12. Re1 a6 13. Re5 Qd7 14. b4 Bd6
15. bxc5 Bxe5 16. Nxe5 Qc7 17. Bf4 Qxc5 18. Qd3 Bd7 19. Nb3 Qd5 20. Rd1 Qxd3
21. Rxd3 Nd5 22. Nxd7 Rxd7 23. c4 Nf6 24. Rxd7 Nxd7 25. Be4 Rd8 26. h3 h6 27.
Be3 Rc8 28. Nd2 a5 29. Bxb7 Rc7 30. Ba6 Nc5 31. Bb5 Kf8 32. Bf4 Rc8 33. Bd6+
Kg8 34. Nf3 f6 35. Nd4 Kf7 36. Nc6 Ne4 37. Bf4 Nc3 38. a4 Ne2+ 39. Kf1 Nxf4 40.
Nd4 Rd8 41. Nf3 Rd1+ 42. Ne1 Nxg2 0-1

[Event "VI Festival"]
[Site "Positano ITA"]
[Date "2009.12.06"]
[Round "3"]
[White "Seletsky, Grigory"]
[Black "Epishin, Vladimir V."]
[Result "1/2-1/2"]
[WhiteElo "2345"]
[BlackElo "2613"]
[PlyCount "39"]
[EventDate "2009.12.05"]

1. d4 c5 2. d5 Nf6 3. Nc3 g6 4. e4 d6 5. Nf3 Bg7 6. Bb5+ Bd7 7. g4 O-O 8. h3
Na6 9. O-O Nc7 10. Bxd7 Qxd7 11. Rb1 Rad8 12. Bg5 h6 13. Bh4 Rfe8 14. Qd3 e6
15. dxe6 Rxe6 16. Rbd1 g5 17. Bg3 Nb5 18. Bh2 Qe8 19. b3 Rd7 20. Nd5 1/2-1/2

[Event "VI Festival"]
[Site "Positano ITA"]
[Date "2009.12.06"]
[Round "3"]
[White "Stoja, Rocco"]
[Black "Catracchia, Mauro"]
[Result "0-1"]
[WhiteElo "1828"]
[BlackElo "1995"]
[PlyCount "63"]
[EventDate "2009.12.05"]

1. e4 e5 2. Nf3 Nc6 3. d4 exd4 4. Bc4 Nf6 5. e5 Ne4 6. O-O Be7 7. Re1 d5 8. Bb5
Bg4 9. h3 Bh5 10. g4 Bg6 11. Nxd4 Qd7 12. f3 Nc5 13. f4 Be4 14. f5 a6 15. Bxc6
bxc6 16. Nc3 a5 17. Qe2 h5 18. Bf4 hxg4 19. Qxg4 Rh4 20. Qxg7 Rxf4 21. e6 fxe6
22. Qg6+ Kd8 23. Qg8+ Qe8 24. Nxc6+ Kd7 25. Ne5+ Kd6 26. Qg7 Rxf5 27. Ng4 Rg5
28. Qd4 Qh8 29. Rxe4 Qxh3 30. Rf4 Rag8 31. Raf1 Qg3+ 32. Kh1 0-1

[Event "VI Festival"]
[Site "Positano ITA"]
[Date "2009.12.06"]
[Round "4"]
[White "Carnicelli, Valerio"]
[Black "Cervero, Gianluca"]
[Result "1-0"]
[WhiteElo "1756"]
[BlackElo "1524"]
[PlyCount "40"]
[EventDate "2009.12.05"]

1. e4 e6 2. d4 d5 3. Nc3 Nf6 4. Bg5 Be7 5. e5 Nfd7 6. Bxe7 Qxe7 7. f4 c5 8. Nb5
Kd8 9. Nf3 Nc6 10. Nd6 f6 11. Qd2 fxe5 12. dxe5 Nb6 13. Bb5 a6 14. Bxc6 bxc6
15. Qa5 Rb8 16. Qxc5 Na4 17. Qa5+ Nb6 18. O-O Kd7 19. Nd4 c5 20. Qxc5 Qd8 1-0

[Event "VI Festival"]
[Site "Positano ITA"]
[Date "2009.12.06"]
[Round "4"]
[White "Catracchia, Mauro"]
[Black "Sabia, Corrado"]
[Result "0-1"]
[WhiteElo "1995"]
[BlackElo "2183"]
[PlyCount "62"]
[EventDate "2009.12.05"]

1. d4 d5 2. c4 c6 3. e3 Nf6 4. Nc3 e6 5. Nf3 Nbd7 6. Bd3 dxc4 7. Bxc4 b5 8. Bd3
Bd6 9. O-O O-O 10. e4 e5 11. a3 exd4 12. Nxd4 Ne5 13. Be2 Bc5 14. Be3 Neg4 15.
Qd2 Nxe3 16. fxe3 Re8 17. Rad1 Ng4 18. h3 Ne5 19. Kh1 Qg5 20. b4 Bb6 21. Rf4
Bd7 22. Nf5 Bxf5 23. exf5 Rad8 24. Qb2 Bxe3 25. Rxd8 Qxd8 26. Rf1 Nd3 27. Bxd3
Qxd3 28. Rf3 Qd4 29. Qc2 Bd2 30. Qd3 Re1+ 31. Kh2 Bf4+ 0-1

[Event "VI Festival"]
[Site "Positano ITA"]
[Date "2009.12.06"]
[Round "4"]
[White "Collutiis, Duilio"]
[Black "Seletsky, Grigory"]
[Result "1/2-1/2"]
[WhiteElo "2426"]
[BlackElo "2345"]
[PlyCount "39"]
[EventDate "2009.12.05"]

1. Nf3 c5 2. e4 d6 3. Bb5+ Bd7 4. Bxd7+ Qxd7 5. O-O Nc6 6. c3 Nf6 7. d4 cxd4 8.
cxd4 d5 9. e5 Ng8 10. Nc3 e6 11. b3 Nge7 12. Ba3 h5 13. Rc1 Nf5 14. Bxf8 Kxf8
15. Qd2 g6 16. Na4 Kg7 17. Nc5 Qe7 18. b4 b6 19. Na6 Rac8 20. Rc3 1/2-1/2

[Event "VI Festival"]
[Site "Positano ITA"]
[Date "2009.12.06"]
[Round "4"]
[White "Epishin, Vladimir V."]
[Black "Sanchez, Joseph"]
[Result "1/2-1/2"]
[WhiteElo "2613"]
[BlackElo "2487"]
[PlyCount "85"]
[EventDate "2009.12.05"]

1. c4 c6 2. Nf3 d5 3. e3 Nf6 4. Nc3 a6 5. b3 Bf5 6. Be2 e6 7. Nh4 Bg6 8. g3 Be7
9. O-O d4 10. exd4 Qxd4 11. Bb2 Nbd7 12. Rc1 Rd8 13. Na4 Qa7 14. d4 O-O 15.
Nxg6 hxg6 16. Qc2 b5 17. Nc3 bxc4 18. Bxc4 Nb6 19. Be2 c5 20. dxc5 Bxc5 21. Ne4
Bd4 22. Bxd4 Rxd4 23. Nxf6+ gxf6 24. Rfd1 Rxd1+ 25. Qxd1 Nd5 26. Qd2 Qb6 27.
Rc4 Kg7 28. Rh4 Rh8 29. Rxh8 Kxh8 30. Bc4 Kg7 31. h4 Ne7 32. Qe3 Qd6 33. Qa7
Nf5 34. Bf1 Nd4 35. Qxa6 Nf3+ 36. Kh1 Qd4 37. Qe2 Nd2 38. Bg2 e5 39. Kh2 e4 40.
a4 Nxb3 41. Bxe4 Nc5 42. Bc2 Nxa4 43. Bxa4 1/2-1/2

[Event "VI Festival"]
[Site "Positano ITA"]
[Date "2009.12.06"]
[Round "4"]
[White "Messina, Salvatore"]
[Black "Cinque, Antonio"]
[Result "0-1"]
[WhiteElo "1631"]
[BlackElo "1911"]
[PlyCount "124"]
[EventDate "2009.12.05"]

1. d4 Nf6 2. c4 g6 3. Nc3 Bg7 4. e4 d6 5. f3 O-O 6. Be3 e5 7. d5 Nh5 8. Qd2 f5
9. Be2 f4 10. Bf2 Na6 11. g4 Nf6 12. h4 h6 13. O-O-O Nd7 14. Kb1 Ndc5 15. Qc2
b6 16. a3 Nb8 17. Nh3 a6 18. Rc1 Bd7 19. a4 Qe8 20. Bxc5 bxc5 21. Ka1 Ra7 22.
Nf2 Rb7 23. Rb1 Rf7 24. h5 g5 25. b3 c6 26. Rb2 Qc8 27. Rc1 Be8 28. Qd1 Bf8 29.
Na2 Rb6 30. Rcb1 Kh8 31. Qc2 Rd7 32. Bf1 Bf7 33. Be2 Bg8 34. Bd3 Bh7 35. Nd1
Bg7 36. Nf2 Re7 37. Nd1 cxd5 38. cxd5 Bg8 39. Bc4 Nd7 40. Qd3 Nf6 41. Nf2 Qa8
42. Qc2 Rc7 43. Qd3 Bf7 44. Qe2 Nxd5 45. Bxd5 Bxd5 46. exd5 Qxd5 47. Nc3 Qc6
48. Qd3 Rb4 49. Ka2 Rd4 50. Qe2 d5 51. Rd2 Rb7 52. Rxd4 exd4 53. Ncd1 c4 54.
Ka3 Bf8+ 55. b4 a5 56. Qe5+ Bg7 57. Qe1 axb4+ 58. Kb2 d3+ 59. Kc1 Qxa4 60. Rb2
Bxb2+ 61. Kxb2 Qb3+ 62. Kc1 Ra7 0-1

[Event "VI Festival"]
[Site "Positano ITA"]
[Date "2009.12.06"]
[Round "4"]
[White "Stinga, Danilo"]
[Black "Stoja, Rocco"]
[Result "0-1"]
[WhiteElo "1482"]
[BlackElo "1828"]
[PlyCount "36"]
[EventDate "2009.12.05"]

1. e4 e5 2. Nf3 Nf6 3. Nc3 Bb4 4. d3 d5 5. Bd2 d4 6. Nb1 Bd6 7. Be2 c5 8. O-O
Bg4 9. h3 Bh5 10. c3 Nc6 11. Nxe5 Nxe5 12. Bxh5 Nxd3 13. cxd4 cxd4 14. Bg5 Ne5
15. Qxd4 Nf3+ 16. Bxf3 Bh2+ 17. Kxh2 Qxd4 18. Bxf6 Qxf6 0-1

[Event "VI Festival"]
[Site "Positano ITA"]
[Date "2009.12.06"]
[Round "4"]
[White "Trifoglio, Giovanni"]
[Black "Messina, Roberta"]
[Result "1-0"]
[WhiteElo "1917"]
[BlackElo "1909"]
[PlyCount "134"]
[EventDate "2009.12.05"]

1. e4 c5 2. c3 d5 3. exd5 Qxd5 4. d4 Nc6 5. Nf3 Bg4 6. Be2 cxd4 7. cxd4 e6 8.
O-O Nf6 9. h3 Bh5 10. Nc3 Qa5 11. Qb3 Qb4 12. Rd1 Qxb3 13. axb3 Rd8 14. Be3 Be7
15. g4 Bg6 16. Ne5 Bc2 17. Rdc1 Bxb3 18. Nxc6 bxc6 19. Rxa7 Bd6 20. Bf3 Nd5 21.
Ne4 Bb8 22. Rb7 Ba4 23. Nc3 Nxc3 24. Rxc3 O-O 25. Bxc6 Bxc6 26. Rxc6 Rc8 27.
Ra6 h6 28. Kg2 Rfd8 29. b4 Rc7 30. Rxc7 Bxc7 31. Rc6 Bb8 32. b5 Kh7 33. Kf3 g5
34. b6 Rd7 35. Ke4 Kg6 36. Kd3 Kf6 37. Kc4 Ke7 38. Bd2 Rb7 39. Kb5 Kd7 40. Rc4
Bd6 41. Ka6 Rb8 42. b7 Re8 43. Bb4 Bb8 44. Bc5 e5 45. d5 Rg8 46. Ba7 Bd6 47.
Rc6 e4 48. Rxd6+ Kxd6 49. b8=Q+ Rxb8 50. Bxb8+ Kxd5 51. Ba7 Kc4 52. Kb6 Kd3 53.
Kc6 Ke2 54. Kd5 Kf3 55. Ke5 f6+ 56. Kxf6 Kg2 57. Kf5 Kxh3 58. Be3 Kh4 59. Bd2
Kh3 60. Be1 Kg2 61. Kxe4 Kf1 62. Bc3 Kxf2 63. Kf5 Kf3 64. Bg7 h5 65. gxh5 g4
66. h6 g3 67. h7 g2 1-0

[Event "VI Festival"]
[Site "Positano ITA"]
[Date "2009.12.07"]
[Round "5"]
[White "Carnicelli, Valerio"]
[Black "Trifoglio, Giovanni"]
[Result "0-1"]
[WhiteElo "1756"]
[BlackElo "1917"]
[PlyCount "68"]
[EventDate "2009.12.05"]

1. e4 c5 2. Nf3 e6 3. d4 cxd4 4. Nxd4 Nc6 5. Nb5 d6 6. c4 a6 7. N5a3 Nf6 8. Nc3
Be7 9. Be2 b6 10. Be3 Nb8 11. O-O Nbd7 12. f4 Bb7 13. Bf3 O-O 14. Nc2 Qc7 15.
Qe2 Rac8 16. Na3 Rfe8 17. Rad1 d5 18. e5 Ne4 19. Bxe4 dxe4 20. Nab1 Nc5 21. Rd4
f5 22. Nd1 Nd3 23. Nf2 Bc5 24. Na3 Bxd4 25. Bxd4 Nxf4 26. Qe3 Nd3 27. Nxd3 exd3
28. Qxd3 Rcd8 29. Qe3 Qc6 30. Rf2 b5 31. cxb5 axb5 32. Nc2 Qe4 33. Qc3 Rc8 34.
Qe1 Rxc2 0-1

[Event "VI Festival"]
[Site "Positano ITA"]
[Date "2009.12.07"]
[Round "5"]
[White "Cervero, Gianluca"]
[Black "Stinga, Danilo"]
[Result "1-0"]
[WhiteElo "1524"]
[BlackElo "1482"]
[PlyCount "55"]
[EventDate "2009.12.05"]

1. e4 e5 2. Nc3 d6 3. Bc4 Nf6 4. Nge2 Be7 5. d3 O-O 6. O-O Nc6 7. h3 Bd7 8. f4
Nh5 9. g4 Nf6 10. Ng3 Nd4 11. g5 Ne8 12. Qh5 Be6 13. Bxe6 fxe6 14. f5 Nxc2 15.
g6 hxg6 16. Qxg6 Rf6 17. Qg4 Nxa1 18. Nh5 Rf7 19. Qg6 exf5 20. Rxf5 Rxf5 21.
exf5 c6 22. Bh6 Bf6 23. Ne4 Qe7 24. Nexf6+ Nxf6 25. Bxg7 Nxh5 26. Bf6+ Qg7 27.
Bxg7 Nxg7 28. f6 1-0

[Event "VI Festival"]
[Site "Positano ITA"]
[Date "2009.12.07"]
[Round "5"]
[White "Esposito, Antonio"]
[Black "Ercolano, Giuseppe"]
[Result "0-1"]
[WhiteElo "1401"]
[BlackElo "1604"]
[PlyCount "33"]
[EventDate "2009.12.05"]

1. e4 c5 2. Nf3 Nc6 3. Nc3 d6 4. Bb5 Bd7 5. Bxc6 Bxc6 6. O-O g6 7. h3 Bg7 8. d3
b5 9. a3 e6 10. Bg5 Ne7 11. Bxe7 Qxe7 12. e5 Bxf3 13. gxf3 Qg5+ 14. Kh2 Bxe5+
15. f4 Bxf4+ 16. Kh1 Qh6 17. Qg4 0-1

[Event "VI Festival"]
[Site "Positano ITA"]
[Date "2009.12.07"]
[Round "5"]
[White "Fucito, Giovanni"]
[Black "Testa, Adriano"]
[Result "0-1"]
[WhiteElo "1826"]
[BlackElo "2175"]
[PlyCount "82"]
[EventDate "2009.12.05"]

1. e4 d5 2. exd5 Qxd5 3. Nc3 Qa5 4. Nf3 Nf6 5. Bc4 c6 6. O-O Bf5 7. d4 e6 8.
Re1 Bb4 9. Bd2 O-O 10. h3 Nbd7 11. a3 Bxc3 12. Bxc3 Qc7 13. Bd3 Bg6 14. Qe2
Rfd8 15. Rad1 Rac8 16. Bxg6 hxg6 17. Ng5 Nf8 18. Nf3 Nd5 19. Bd2 c5 20. dxc5
Qxc5 21. c3 a6 22. Nd4 Nb6 23. Be3 Qc4 24. Qf3 Nd5 25. Bf4 f6 26. Re4 Qc5 27.
Be3 Nxe3 28. Rxe3 e5 29. Nc2 Qb5 30. Nb4 a5 31. Nd5 Rd7 32. Red3 f5 33. Qg3 Re8
34. Nf6+ gxf6 35. Rd6 Ne6 36. Qxg6+ Kf8 37. Qh7 Ree7 38. Qh8+ Kf7 39. Qh7+ Ke8
40. Qg6+ Rf7 41. Qg8+ Ke7 0-1

[Event "VI Festival"]
[Site "Positano ITA"]
[Date "2009.12.07"]
[Round "5"]
[White "Martorelli, Antonio"]
[Black "Epishin, Vladimir V."]
[Result "0-1"]
[WhiteElo "2224"]
[BlackElo "2613"]
[PlyCount "75"]
[EventDate "2009.12.05"]

1. e4 c5 2. Nf3 e6 3. d4 cxd4 4. Nxd4 Nf6 5. Nc3 d6 6. Bb5+ Bd7 7. Qe2 a6 8.
Bxd7+ Nbxd7 9. g4 g6 10. Be3 h5 11. gxh5 Rxh5 12. f4 Rc8 13. f5 gxf5 14. exf5
e5 15. Nb3 Rxf5 16. O-O-O b5 17. h4 b4 18. Nd5 Nxd5 19. Rxd5 Qc7 20. h5 Nf6 21.
Rd2 Ne4 22. Qd3 Ng3 23. Rg1 Rf3 24. Rf2 Rxf2 25. Bxf2 Nxh5 26. Kb1 Nf4 27. Qd1
Qc4 28. Kc1 Qc6 29. Qf1 Qc4 30. Be3 Qxf1+ 31. Rxf1 Nd5 32. Bd2 Ke7 33. Kb1 Ke6
34. Re1 f5 35. Re2 f4 36. Be1 Kf5 37. Nd2 Ne3 38. Nf3 0-1

[Event "VI Festival"]
[Site "Positano ITA"]
[Date "2009.12.07"]
[Round "5"]
[White "Messina, Roberta"]
[Black "Gambardella, Gesualdo"]
[Result "1-0"]
[WhiteElo "1909"]
[BlackElo "1494"]
[PlyCount "91"]
[EventDate "2009.12.05"]

1. e4 c5 2. Nf3 g6 3. d4 cxd4 4. Nxd4 Bg7 5. Be3 Nc6 6. c4 Qb6 7. Nb5 Qd8 8.
N1c3 a6 9. Nd4 Nf6 10. Be2 O-O 11. Qd2 d6 12. f3 Bd7 13. Rd1 Ne5 14. Bh6 Rc8
15. Bxg7 Kxg7 16. b3 Qc7 17. Nd5 Nxd5 18. exd5 f5 19. Qg5 Rf6 20. f4 Nf7 21.
Qg3 e5 22. dxe6 Bxe6 23. Qc3 Bd7 24. O-O Re8 25. Kh1 d5 26. Qb2 dxc4 27. Bxc4
Nd6 28. Bd5 Ne4 29. Qc1 Qc8 30. b4 Kh6 31. Rf3 g5 32. fxg5+ Nxg5 33. Qd2 Kg6
34. Rg3 f4 35. h4 h6 36. hxg5 hxg5 37. Qd3+ Bf5 38. Nxf5 Rxf5 39. Be4 Rxe4 40.
Rxg5+ Kxg5 41. Qxe4 Qh8+ 42. Kg1 Re5 43. Qxb7 Kg4 44. Qf3+ Kf5 45. Qc6 Qa8 46.
Qxa8 1-0